Normal view
MARC view
Entry Personal Name
001 - CONTROL NUMBER
- control field: 540617
003 - CONTROL NUMBER IDENTIFIER
- control field: OSt
005 - DATE AND TIME OF LATEST TRANSACTION
- control field: 20220930081119.0
008 - FIXED-LENGTH DATA ELEMENTS
- fixed length control field: 220930|| aca||aabn | a|a d
040 ## - CATALOGING SOURCE
- Original cataloging agency: OSt
- Transcribing agency: OSt
100 ## - HEADING--PERSONAL NAME
- Personal name: Dr. Pradipt Kumar Panda Gu
670 ## - SOURCE DATA FOUND
- Source citation: Work cat.: (OSt)870945: Misra Aneesh 540616, Kavya prakash ki tikaon mein vistarika tika ka isthan, 2008
